000 00341nam a2200145Ia 4500
005 20250508071727.0
008 240331s9999 xx 000 0 und d
082 _bTHA
_a891
100 _aThamaraichelvi,
245 0 _aVinnil alla vidivelli
260 _aJaffna
_bMeera Veliyeedu
_c1992
300 _a114 p .,
650 _aNovel
942 _cL
999 _c4290
_d4290